Southville International School and Colleges
Your cart is empty.
  • Cart
  • Lists
    Public lists Eva Luna New books Lux_list list_1
    Your lists Log in to create your own lists
  • Log in to your account
  • Your cookies
  • Search history
Southville International School and Colleges
  • Advanced search
  • Recent comments
  • Most popular
  • Libraries

Log in to your account

Log in with GOOGLE


If you do not have an external account, but do have a local account, you can still log in:

  1. Home
  2. MARC view: Home publishing suite 2000. Disc 1 :
Normal view MARC view ISBD view

Home publishing suite 2000. Disc 1 : (Record no. 109047)

[ view plain ]
MARC details
000 -LEADER
fixed length control field 00375nam a2200145 a 4500
005 - DATE AND TIME OF LATEST TRANSACTION
control field 20140414093836.0
008 - FIXED-LENGTH DATA ELEMENTS--GENERAL INFORMATION
fixed length control field 030611s19uu xx 00 eng d
050 ## - LIBRARY OF CONGRESS CALL NUMBER
Classification number CDR 700
Item number Hom 2000c2
245 ## - TITLE STATEMENT
Title Home publishing suite 2000. Disc 1 :
Remainder of title setup, art, program and designs.
500 ## - GENERAL NOTE
General note (Disc 1)
650 ## - SUBJECT ADDED ENTRY--TOPICAL TERM
Topical term or geographic name as entry element CD-ROM.
650 ## - SUBJECT ADDED ENTRY--TOPICAL TERM
Topical term or geographic name as entry element Art.
942 ## - ADDED ENTRY ELEMENTS (KOHA)
Koha item type Audio Visual Materials
Holdings
Withdrawn status Lost status Damaged status Home library Current library Shelving location Date acquired Source of acquisition Total Checkouts Full call number Barcode Date last seen Price effective from Koha item type
      Luxembourg Library Luxembourg Library Audio Visual Material Section 06/11/2003     CDR 700 Hom 2000c2 AV0575 04/14/2014 04/14/2014 Audio Visual Materials

Home publishing suite 2000. Disc 1 :

APA

Home publishing suite 2000. Disc 1. : .

Chicago

Home publishing suite 2000. Disc 1. : .

Harvard

Home publishing suite 2000. Disc 1. : .

MLA

: . .

  • Place hold
  • Print
  • Cite
  • Add to your cart (remove)
  • Save record
    BIBTEX Dublin Core MARCXML MARC (non-Unicode/MARC-8) MARC (Unicode/UTF-8) MARC (Unicode/UTF-8, Standard) MODS (XML) RIS
  • More searches
    Search for this title in:
    Other Libraries (WorldCat) Other Databases (Google Scholar) Online Stores (Bookfinder.com) Open Library (openlibrary.org)

Exporting to Dublin Core...

SOUTHVILLE LIBRARY

Southville International School and Colleges Library

1281 Tropical Ave. Cor. Luxembourg St., BF Homes International, Las Pinas City

Tel. No. 8256374 / 252358 Loc. 117/146

Powered by Koha